000 00459nam a2200229Ia 4500
001 067751
003 YMCAF
005 20230512160446.0
008 100717s9999 ||||||||||||||||| ||und|d
020 _a-
024 _a67751
035 _a7214
040 _aYMCAF
_beng
_cIN-KoLT
041 _aeng
100 _aKAPOOR, RAJ
245 0 _aBUILD YOUR OWN DIGITAL CLOCK
250 _a-
300 _a31
653 _a-
653 _a-
942 _2ddc
_cBK
999 _c4670
_d4670